| 000 | 00713nam a22002177a 4500 | ||
|---|---|---|---|
| 999 |
_c6987 _d6987 |
||
| 003 | AR-CdUCM | ||
| 008 | 190319b ||||| |||| 00| 0 spa d | ||
| 040 |
_aMUNICIPALIDAD PROVINCIAL DEL CUSCO _cBIBLIOTECA MUNICIPAL DEL CUSCO |
||
| 082 |
_a869.56 / _bL45 |
||
| 100 |
_aLeón Paytan, Moisés _919700 |
||
| 245 | _aParamor / | ||
| 260 |
_aLima : _bEdiciones de mayo, _c1964. |
||
| 300 |
_a66 páginas ; _c17.5 cm. |
||
| 500 | _adedicatoria del autor al Gustavo Pérez Ocampo. | ||
| 650 |
_aPoesía peruana - Siglo XX _914083 |
||
| 650 |
_aPoetas Huancavelicanos _919701 |
||
| 650 |
_aPoesía - Huancavelica _919702 |
||
| 650 |
_aMoises León Paytan - Poemas _919703 |
||
| 942 |
_2ddc _cLIBROS |
||
| 945 | _alccs | ||